Основы гидравлики, насосы и воздуходувные машины: сборник задач

Bibliografiske detaljer
Hovedforfatter: Старк С. Б. Сергей Борисович
Sprog:russisk
Udgivet: Москва, Металлургиздат, 1961
Udgivelse:2-е изд., перераб. и доп.
Fag:
Format: MixedMaterials Bog
KOHA link:https://koha.lib.tpu.ru/cgi-bin/koha/opac-detail.pl?biblionumber=377524

MARC

LEADER 00000nam0a2200000 4500
001 377524
005 20231101052707.0
035 |a (RuTPU)RU\TPU\retro\34975 
035 |a RU\TPU\book\66242 
090 |a 377524 
100 |a 20230316d1961 m y0rusy50 ca 
101 0 |a rus 
102 |a RU 
105 |a a j 001zy 
200 1 |a Основы гидравлики, насосы и воздуходувные машины  |e сборник задач  |f С. Б. Старк 
205 |a 2-е изд., перераб. и доп. 
210 |a Москва  |c Металлургиздат  |d 1961 
215 |a 460 с.  |c ил. 
320 |a Библиогр.: с. 450-451 
610 1 |a гидравлика 
610 1 |a задачи 
610 1 |a насосы 
610 1 |a воздуходувные машины 
610 1 |a закон Архимеда 
610 1 |a закон Паскаля 
610 1 |a жидкости 
610 1 |a компрессоры 
610 1 |a учебные пособия 
675 |a 532(076)  |v 3 
675 |a 621.61(076)  |v 3 
700 1 |a Старк  |b С. Б.  |g Сергей Борисович 
801 1 |a RU  |b 63413507  |c 20040412  |g PSBO 
801 2 |a RU  |b 63413507  |c 20230316  |g PSBO 
942 |c BK